000 01002nam a22002777a 4500
005 20090630113640.0
008 090313t xxu||||| |||| 00| 0 eng d
010 _aENG-94296
020 _c425.00
_a9788120334359
035 _aEN-77829
037 _bDBAD / PUB
040 _adpl
_bEnglish
082 _a006.31
100 _aSoman, K.P.
245 _aMachine learning with SVM and other kernel methods /
_cby K.P. Soman, R. Loganathan [and] V. Ajay
260 _aNew Delhi
_bPHI Learning
_c2009
270 _aM-97 Connaught Circus
_bNew Delhi
_e110001
300 _axviii, 477p.
_c26cm(pbk)
_eCD-ROM
500 _aIncludes index
650 _aSupport vector Machines
650 _aKernel functions
700 _aLoganathan, R.
700 _aAjay, V.
942 _2ddc
_cEN
_mSOM
_h006.31
999 _c27980
_d27980